Nghiên cứu xác định hàm lượng sắt trong một số mẫu than bùn trên địa bàn quận Liên Chiểu, thành phố Đà Nẵng để làm phân bón bằng phương pháp trắc quang phân tử UV – VIS
Xây dựng một phương pháp phân tích thích hợp để xác định hàm lượng sắt trong than bùn phù hợp điều kiện phòng thí nghiệm.Trên cơ sở đó áp dụng vào phân tích một số mẫu than bùn thực tế để đánh giá hàm lượng sắt trong than bùn trên địa bàn quận Liên Chiểu. Thông qua kết quả phân tích có thể xác định...
Gardado en:
| Autor Principal: | |
|---|---|
| Outros autores: | |
| Formato: | Libro |
| Publicado: |
Đà Nẵng
Đại học Sư phạm, Đại học Đà Nẵng
2012
|
| Những chủ đề: | |
| Các nhãn: |
Engadir etiqueta
Sen Etiquetas, Sexa o primeiro en etiquetar este rexistro!
|
| Thư viện lưu trữ: | Mạng thư viện Đại học Đà Nẵng |
|---|
| LEADER | 02230nam a2200337 4500 | ||
|---|---|---|---|
| 001 | 000017539 | ||
| 003 | 13958 | ||
| 005 | 20130424090440.0 | ||
| 008 | 130424s2012 sd | ||
| 082 | |a 668.62 |b NG-S | ||
| 100 | 1 | |a Nguyễn Thị Sáu | |
| 245 | |a Nghiên cứu xác định hàm lượng sắt trong một số mẫu than bùn trên địa bàn quận Liên Chiểu, thành phố Đà Nẵng để làm phân bón bằng phương pháp trắc quang phân tử UV – VIS |c Nguyễn Thị Sáu ; Lê Thị Mùi hướng dẫn |k Khóa luận tốt nghiệp | ||
| 260 | |a Đà Nẵng |b Đại học Sư phạm, Đại học Đà Nẵng |c 2012 | ||
| 300 | |a 45 tr. |b Hình mh. |c 29 cm. |e Đĩa CD, bản tóm tắt | ||
| 500 | |a Khóa luận tốt nghiệp đại học. Chuyên ngành: Cử nhân Phân tích - Môi trường | ||
| 504 | |a Mục lục đầu trang, tài liệu tham khảo tr. 73 - 74, phụ lục [13 tr.] | ||
| 520 | |a Xây dựng một phương pháp phân tích thích hợp để xác định hàm lượng sắt trong than bùn phù hợp điều kiện phòng thí nghiệm.Trên cơ sở đó áp dụng vào phân tích một số mẫu than bùn thực tế để đánh giá hàm lượng sắt trong than bùn trên địa bàn quận Liên Chiểu. Thông qua kết quả phân tích có thể xác định được mẫu than bùn nào có thể dùng để làm phân bón. | ||
| 600 | 1 | 4 | |b Vua |c Đinh Tiên Hoàng |
| 650 | 0 | 4 | |a Than bùn |v Khóa luận tốt nghiệp |x Phương pháp trắc quang phân tử UV – VIS |x Nghiên cứu |x Hàm lượng sắt |
| 653 | |a Khoa Hóa học |a Than bùn |a Phương pháp trắc quang phân tử UV – VIS |a Hàm lượng sắt | ||
| 700 | |a Lê Thị Mùi |e Hướng dẫn | ||
| OWN | |a LSP | ||
| AVA | |a UDN50 |b LSP |d 668.62 NG-S |e available |t Error 5001 Not defined in file expand_doc_bib_avail. |f 1 |g 0 |h N |i 0 |k 1 | ||
| 999 | |a From the UDN01 | ||
| AVA | |a UDN50 |b LSP |d 668.62 NG-S |e available |t Error 5001 Not defined in file expand_doc_bib_avail. |f 1 |g 0 |h N |i 0 |k 1 | ||
| TYP | |a Monograph | ||
| TYP | |a Printed language | ||
| 980 | |a Mạng thư viện Đại học Đà Nẵng | ||